| 000 | 00729nam a22002297a 4500 | ||
|---|---|---|---|
| 005 | 20170124110025.0 | ||
| 010 | _aA-408488 | ||
| 020 | _c60.00 | ||
| 035 | _aA-408488 | ||
| 037 | _bCen Lib/Ret | ||
| 040 |
_aDPL _bEN |
||
| 082 |
_a370.954 _bCHA |
||
| 245 |
_aChallenge and response : _cby C. R. Mitra...[et al.] _btowards a new education policy and beyond / |
||
| 260 |
_aNew Delhi _bWiley eastern _c1986 |
||
| 270 |
_bDelhi _a4835/24, Ansari Road, Darya Ganj _e110002 |
||
| 300 |
_axiv,252p. _c25cm(Hb) |
||
| 500 | _aIncludes index | ||
| 650 |
_aChallenge of education _974547 |
||
| 650 |
_aAims of response -- challenges _974548 |
||
| 700 |
_aMitra, C. R. _920579 |
||
| 942 |
_2ddc _cEN _h370.954 _mCHA |
||
| 999 |
_c127465 _d127465 |
||